000 00284nam a22001337a 4500
020 _a978-81-219-0681-4
041 _aENG
100 _aNarayan Shanti
245 _aIntegral Calculus
260 _aNew Delhi
_bS.Chand
_c2022
650 _aMaths
700 _aMittal.P.K
856 _uMaths
999 _c3196
_d3196